MARC

LEADER 00000nas a2200000 a 4500
001 ssj0023384
003 WaSeSS
005 20200512172242.0
006 m d
007 cr n
008 020409c19989999enkax pss 0 a0eng
010 |a  2018205503  |z  2001242126 
015 |a GBB5H8737  |2 bnb 
015 |a 019551738  |2 dnb 
016 7 |a 019551738  |2 DE-101 
016 7 |a 1461818-7  |2 DE-600 
016 7 |a 101239706  |2 DNLM 
016 7 |a 007165888  |2 Uk 
016 7 |a 017658835  |2 Uk 
016 7 |a 2045059 X  |2 DE-600 
022 |a 1568-5551  |y 1385-772X 
035 |a (WaSeSS)ssj0023384 
037 |a ISSN_1385772X_21  |b Portico  |n Taylor & Francis 
040 |a TXU  |b eng  |c TXU  |d OCLCQ  |d OCL  |d OCLCQ  |d OCLCF  |d OCLCO  |d OCLCQ  |d AUD  |d VT2  |d UAB  |d WT2  |d NLM  |d TOH  |d OCLCO  |d NLE  |d OCLCA  |d IAC  |d U3W  |d OCLCO  |d OCLCQ  |d OCLCO  |d DLC  |d WYU  |d OCLCO  |d UKMGB  |d OCLCA  |d UKBTH  |d OCLCQ  |d WaSeSS 
042 |a pcc 
050 0 0 |a QD380 
060 0 0 |a W1  |b DE51R 
082 0 4 |a 547.7005 
130 0 |a Designed monomers and polymers (Online) 
245 1 0 |a Designed monomers and polymers  |h [electronic resource]. 
260 |a Utrecht, the Netherlands :  |b VSP 
260 3 |a Abingdon :  |b Taylor & Francis 
310 |a One issue per year,  |b 2017- 
321 |a Eight issues a year,  |b 2014-2016 
321 |a Six issues a year,  |b 2004-2013 
321 |a Four issues a year,  |b 1998-2003 
362 1 |a Began with: Vol. 1, no. 1 (1998). 
500 |a "An international journal on monomer and macromolecular synthesis." 
500 |a Title from title screen. 
506 |a License restrictions may limit access. 
538 |a Mode of access: World Wide Web. 
588 |a Latest issue consulted: Vol. 21, issue 1 (3018), Taylor & Francis Online (viewed Oct. 05, 2018) 
650 0 |a Monomers  |v Periodicals. 
650 0 |a Polymers  |v Periodicals. 
650 0 |a Macromolecules  |v Periodicals. 
650 0 |a Polymerization  |v Periodicals. 
650 7 |a Macromolecules.  |2 fast  |0 (OCoLC)fst01005248 
650 7 |a Monomers.  |2 fast  |0 (OCoLC)fst01025644 
650 7 |a Polymerization.  |2 fast  |0 (OCoLC)fst01070576 
650 7 |a Polymers.  |2 fast  |0 (OCoLC)fst01070588 
650 7 |a Polymere  |2 gnd 
650 7 |a Zeitschrift  |2 gnd 
650 7 |a Monomere  |2 gnd 
650 1 2 |a Polymers. 
650 2 2 |a Macromolecular Substances. 
655 0 |a Electronic journals. 
776 1 |t Designed monomers and polymers  |x 1385-772X  |w (DLC) 2001242126  |w (OCoLC)45155023 
780 0 5 |t New polymeric materials  |w (OCoLC)60625979 
850 |a DLC 
856 4 0 |z Full text available from Research Library: 12/01/2017 to 12/31/2017  |u https://search.proquest.com/publication/3933214